000
00315nam a22001337a 4500
008
171106b xxu||||| |||| 00| 0 eng d
020
_a
9780324188011
041
_a
eng
080
_2
8TH
_a
330.722.6
100
_a
62
101
_a
KON
245
_a
FINANCIAL & MANAGERIAL ACCOUNTING
_c
WARREN,C.S
942
_2
udc
_c
BK
999
_c
37923
_d
37923